Name a Valid Country - 3 x 3 Grid - Statistics

General Stats
  • This quiz has been taken 1,112 times
  • The average score is 6 of 9
Answer Stats
Condition 1 Condition 2 Answer % Correct
In South America With a 20 million+ city Brazil
99%
That starts with 'I' With a 20 million+ city Indonesia / India
68%
In South America Bordering France Brazil / Suriname
66%
With exactly 1 border With a 20 million+ city South Korea
61%
That starts with 'I' Bordering France Italy
58%
With exactly 1 border Bordering France Monaco
58%
In South America With land in Oceania Chile
56%
With exactly 1 border With land in Oceania Papua New Guinea
56%
That starts with 'I' With land in Oceania Indonesia
53%
No matching quizzes found
Score Distribution
Percent of People with Each Score
Percentile by Number Answered
Your Score History
You have not taken this quiz